Littérature par lettre - G - Statistiques

Statistiques générales
  • Ce quiz a été pris 174 fois
  • Le résultat moyen est 9 sur 15
Statistiques - réponses
Questions Réponses % Correct
Quel personnage de bande dessinée tente de capturer les Schtroumpfs ? Gargamel
96%
Quel livre de François Rabelais a donné l'adjectif "Gargantuesque" ? Gargantua
94%
Quel roman d'Emile Zola traite de la condition précaire des mineurs dans le Nord de la France, avec le personnage d'Etienne Lantier ? Germinal
93%
Quelle fratrie littéraire a donné son nom au plus prestigieux Prix de Littérature en France ? Frères Goncourt
87%
Quel vieux sculpteur sur bois apparaît dans "Pinocchio" ? Gepetto
85%
A quelle maison sont associés Harry Potter et Hermione Granger ? Gryffondor
81%
Quel personnage est un Hobbit s'emparant de l'anneau après avoir tué son ami ? Gollum
71%
Quel écrivain franco-lituanien a notamment écrit "La Promesse de l'aube" ? Romain Gary
69%
Quelle oeuvre de Léon Tolstoï traite de la vie des aristocrates russes au début du XIXème siècle ? Guerre et Paix
64%
Quel écrivain colombien a écrit "Cent ans de solitude", considéré comme l'un des 100 plus grands livres de tous les temps ? Gabriel Garcia Marquez
47%
Quel écrivain, auteur du "Capitaine Fracasse", est un des chefs de file du mouvement Parnasse ? Théophile Gautier
41%
Quel romancier russe a écrit "Les âmes mortes" en 1842 ? Nicolas Gogol
35%
Quel écrivain français du XXème siècle, ayant été longtemps en prison, a notamment écrit "Journal du voleur" ? Jean Genet
13%
Quel écrivain français surréaliste a refusé le Prix Goncourt en 1950, pour "La Littérature à l'estomac" ? Julien Gracq
9%
Quel journaliste et écrivain français a publié son "Essai sur l'inégalité des races humaines", au milieu du XIXème siècle ? Arthur de Gobineau
7%
Aucun quiz correspondant
Distribution des résultats
% des personnes avec chaque résultat
Percentile par nombre de réponses
Votre historique - résultats
Vous n’avez pas pris ce quiz